|
|
|
|
| LEADER |
00000nam a2200000 i 4500 |
| 001 |
1/65101 |
| 008 |
980819s1993 gre d |
| 020 |
|
|
|a 9600210020
|
| 035 |
|
|
|l 10029562
|
| 040 |
|
|
|a GR-MY-UA
|b gre
|e aacr
|
| 041 |
0 |
|
|a gre
|
| 082 |
0 |
|
|a 337.142
|
| 245 |
1 |
2 |
|a Η Ελλάδα στην Ευρωπαΐκή Κοινότητα :
|b η πρόκληση της προσαρμογής /
|c Επιμέλεια: Λουκάς Τσουκάλης
|
| 260 |
|
|
|a Αθήνα :
|b Παπαζήση,
|c 1993
|
| 300 |
|
|
|a 355 σελ.
|
| 610 |
2 |
0 |
|a European Economic Community
|z Greece.
|
| 700 |
1 |
|
|a Τσούκαλης, Λουκάς,
|d 1950-
|4 edt
|
| 852 |
|
|
|a INST
|b CHIOS
|e 19980819
|h 337.142 ΕΛΛ
|p 005200015850
|q 005200015850
|t BK
|y 0
|
| 901 |
|
|
|a BIBL-1998-2
|
| 909 |
|
|
|a Χ
|b 058785
|
| 922 |
|
|
|a 2ΕΛΗ
|b 199807
|c ΜΠΑΜΠΑΝΑΣΗΣ
|d EMVASIS
|